[Event "Finik op"]
[Site "Finik"]
[Date "2017.06.13"]
[Round "5"]
[White "Ekici, Emre"]
[Black "Soltani, Fardin"]
[Result "0-1"]
[WhiteElo "1323"]
[BlackElo "1717"]
[PlyCount "80"]
[EventDate "2017.06.10"]
[EventType "swiss"]
[EventRounds "7"]
[EventCountry "TUR"]
[SourceTitle "EXT 2018"]
[Source "ChessBase"]
[SourceDate "2017.10.13"]
[SourceVersion "1"]
[SourceVersionDate "2017.10.13"]
[SourceQuality "1"]

1. e4 d6 2. d4 g6 3. Nc3 Bg7 4. f4 Nc6 5. Be3 Nf6 6. Be2 0-0 7. e5 dxe5 8. fxe5 Nd5 9. Nxd5 Qxd5 10. Nf3 Bf5 11. c4 Qe4 12. Qb3 Nb4 13. Qxb4 Qxe3 14. Qd2 Bh6 15. Qxe3 Bxe3 16. Rf1 c6 17. d5 cxd5 18. cxd5 Rad8 19. Bc4 Be4 20. Ke2 Bf4 21. Rfd1 Bxf3+ 22. Kxf3 Bxe5 23. Rd3 Rc8 24. Bb3 Bxb2 25. Re1 Ba3 26. h3 Bd6 27. g4 Rc5 28. Ke4 e6 29. Kd4 exd5 30. Bxd5 b6 31. Rf1 Kg7 32. Rdf3 f6 33. Bb3 Rd8 34. Ke3 Re5+ 35. Kf2 Be7 36. Kg3 h5 37. Rc3 Bc5 38. Rff3 Rd2 39. gxh5 Bd6 40. h4 Rg5+ 0-1

[Event "Serik op"]
[Site "Serik"]
[Date "2017.05.16"]
[Round "1"]
[White "Strebkovs, Andrejs"]
[Black "Soltani, Fardin"]
[Result "1-0"]
[WhiteElo "2334"]
[BlackElo "1746"]
[PlyCount "135"]
[EventDate "2017.05.16"]
[EventType "swiss"]
[EventRounds "9"]
[EventCountry "TUR"]
[SourceTitle "CBM 178 Extra"]
[Source "ChessBase"]
[SourceDate "2017.06.22"]
[SourceVersion "1"]
[SourceVersionDate "2017.06.22"]
[SourceQuality "1"]

1. d4 Nf6 2. Bf4 d6 3. Nf3 Nc6 4. e3 g6 5. Be2 Bg7 6. h3 0-0 7. 0-0 Nd7 8. c3 e5 9. Bg5 f6 10. Bh4 e4 11. Nfd2 g5 12. Bg3 f5 13. f4 gxf4 14. Bc4+ Kh8 15. Bxf4 Ne7 16. Qb3 Ng6 17. Na3 Nxf4 18. exf4 Nf6 19. Be6 Nh5 20. Bxc8 Rxc8 21. Qd1 Qh4 22. Qe1 Qxe1 23. Raxe1 Bh6 24. Nac4 Nxf4 25. Kh2 Nd5 26. Nb3 b5 27. Nca5 b4 28. c4 Ne7 29. d5 Bg7 30. Re2 Ng6 31. Nc6 Ne5 32. Nxa7 Ra8 33. Nb5 Rxa2 34. Nxc7 Nxc4 35. Ne6 Be5+ 36. Kh1 Rfa8 37. g4 fxg4 38. Rxe4 Rxb2 39. Rxc4 Rxb3 40. hxg4 Rh3+ 41. Kg2 Rb3 42. Ng5 Rb2+ 43. Kg1 Bg3 44. Rc7 h6 45. Nf7+ Kg7 46. Ne5+ Kg8 47. Nf7 Kf8 48. Nxh6+ Ke8 49. Rcf7 Rf2 50. Re1+ Kd8 51. Rxf2 Bxf2+ 52. Kxf2 b3 53. Nf5 Ra2+ 54. Kf3 b2 55. Rb1 Ra3+ 56. Ke4 Ra4+ 57. Nd4 Rb4 58. Kd3 Rb7 59. Kc3 Ke8 60. Rxb2 Rc7+ 61. Kd3 Rc1 62. Nf5 Rg1 63. Nxd6+ Kd7 64. Ne4 Rd1+ 65. Kc4 Rc1+ 66. Kd4 Rd1+ 67. Ke5 Rg1 68. g5 1-0